000 02407nam0a2200409 4500
001 RU\NLR\BIBL_A\011556149
005 20171222113601.0
010 _a978-5-16-012885-6
_9500
021 _aRU
_b2017-89231
_96377
035 _a(NLR Aleph) 011556149
035 _a(RuMoRGB)009462304
090 _a12261235
_c12261235
100 _a20171212d2017 u y0rusy50 ca
101 0 _arus
_deng
102 _aRU
105 _aa|||j|||000zy
200 1 _aОтветственность за отмывание (легализацию) коррупционных доходов по законодательству зарубежных государств
_dResponsibility for laundering (legalisation) of corruption revenues under the legislation of foreign countries
_eнаучно-практическое пособие
_fИнститут законодательства и сравнительного правоведения при Правительстве Российской Федерации
_g[И.С. Власов др.]
_gответственные редакторы: А.Я. Капустин, А.М. Цирин
_zeng
210 _aМосква
_cИНФРА-М
_d2017
215 _a310, [1] с.
_cтабл.
_d21
300 _aРез. на англ. яз.
320 _aБиблиогр. в подстроч. примеч.
510 1 _aResponsibility for laundering (legalisation) of corruption revenues under the legislation of foreign countries
_zeng
606 1 _aОтмывание денег
_xУголовная ответственность
_yЗарубежные страны
_jПрактические пособия
_2nlr_sh2
_3RU\NLR\AUTH\6601627092
686 _aХ628.111.7,07
_2rubbk
686 _aХ708,07
_2rubbk
686 _aХ881.114,07
_2rubbk
686 _aХ916.8,07
_2rubbk
686 1 _aХ881.123я7
702 1 _aВласов
_bИ. С.
_cканд. юрид. наук
_gИлья Семенович
_3RU\NLR\AUTH\7792827
_4220
702 1 _aКапустин
_bА. Я.
_f1954-
_gАнатолий Яковлевич
_3RU\NLR\AUTH\7713271
_4340
712 0 2 _aИнститут законодательства и сравнительного правоведения
_cМосква
_3RU\NLR\AUTH\889936225
_4570
942 _cBOOK
980 _aNBR
980 _aNB